000 07392cam a22018854i 4500
003 PE-LiUPU
005 20250813165410.0
008 150330s2012 sp r spa d
020 _a8499840809
020 _a8499841481
020 _a9788499840802
020 _a9788499841489
035 _a(Sirsi) i9788499840802
040 _aGBVCP
_bger
_erakwb
_cGBVCP
_dOCLCO
_dOCLCQ
_dOCLCO
_dOCLCQ
_dOCLCO
_dPE-LiUPU
_erda
049 _aPRUA
082 0 4 _a614.253
_bF89
245 1 0 _aManual de enfermería intensiva /
_cConcepció Fuentes Pumarola, Alfons Bonet Saris, Josep-Maria Sirvent, Neus Brugada Motjé (coord.).
264 1 _aGirona :
_bDocumenta Universitaria,
_c2012
300 _a532 páginas :
_bilustraciones ;
_c24 centímetros.
336 _atext
_2rdacontent
337 _aunmediated
_2rdamedia
338 _avolume
_2rdacarrier
504 _aIncluye bibliografía.
505 0 _aSistemas de informatización clínica / Juan José Rubio VelaInserción de catéteres para la monitorización hemodinámica / Sònia Puig Codina. Maria Colomer Plana -- Monitorización hemodinámica / Maria Colomer Plana. Sònia Puig Codina -- El enfermo respiratorio crítico / Marina Petckova. Josep Armengol -- Ventilación mecánica invasiva / Carles Calaf. Emma Comas -- Ventilación mecánica, técnicas relacionadas / Roser Casademont Mercader -- Ventilación mecánica no invasiva / Emma Comas. Carles Calaf -- Cuidados de enfermería en el paciente respiratorio crítico / Mercè Vila Reyner -- Alimentación y nutrición del paciente crítico / Alfons Bonet Saris. Carolina Lorencio Cárdenas -- Nutrición parenteral en el enfermo crítico / Alfons Bonet Sarís. Rosa de la Cueva Parera. Carolina Lorencio Cárdenas -- Nutrición enteral en el enfermo crítico / Alfons Bonet Saris. Rosa de la Cueva Parera. Carolina Lorencio Cárdenas -- Control glucémico / Carolina Lorencio Cárdenas. Alfons Bonet Sarís -- Accesos para nutrición en el paciente crítico / Emilia Felip. Cristina Casanova. Lluïsa Bordejé -- Infecciones hospitalarias en el paciente crítico / Josep Maria Sirvent. Nuria Bisbe Company. Àngels Galvan y Ferrer. Concepció Fuentes Pumarola -- Prevención de las infecciones hospitalarias en el paciente crítico / Concepció Fuentes Pumarola. M. Àngels Galvan y Ferrer. Núria Bisbe Company. Josep Maria Sirvent -- Principales patologías atendidas en la Unidad Coronaria / Pablo Loma-Osorio Ricón. Francisco Campelo Parada -- Cuidados generales del paciente cardiológico crítico y medicación habitual en la Unidad Coronaria / Margarita Oliveras Julià -- Reconocimiento de arritmias / Margarita Oliveras Julià -- Técnicas específicas en el paciente crítico cardiológico -- Soporte vital avanzado / Josep Olivet Pujol. Vicenç Carreras Frau -- Fisiopatología y tratamiento del shock / Nerea López de Arbina. Antoni Álvarez Villuendas -- Sepsis y shock séptico / Nerea López de Arbina -- Control, vigilancia y cuidados de enfermería al enfermo en estado de shock / Sònia Puig Codina. Concepció Fuentes Pumarola -- Administración correcta de las drogas vasoactivas / Concepció Fuentes Pumarola. Sònia Puig Codina -- Cirugía digestiva / Jordi Gironès Vilà -- Actuación de enfermería en el ingreso del paciente quirúrgico digestivo / Dolors Garangou Llenas -- Cirugía torácica / Xavier Baldó Dolors Garangou Llenas -- Posoperatorio de cirugía cardíaca / Remedios Ríos Barrera -- Actuación de enfermería en el ingreso del paciente de cirugía cardíaca / Montse Sala Martí. Mónica Sánchez Sevillano -- El enfermo trasplantado / Teodor Casanovas Lorenzo. Aníbal Fernández Agudo -- Paciente politraumatizado / Ana María Béjar Delgado. Josep Muñoz Vives.
526 _aP203
526 _aP200
526 _aSEG65
526 _aSEG64
526 _aSEG63
526 _aSEG62
526 _aSEG61
526 _aSEG60
526 _aSEG59
526 _aSEG58
526 _aSEG57
526 _aSEG56
526 _aSEG55
526 _aSEG54
526 _aSEG53
526 _aSEG52
526 _aSEG51
526 _aSEG50
526 _aSEG49
526 _aSEG48
526 _aSEG47
526 _aSEG46
526 _aSEG24
526 _aSEG23
526 _aSEG22
526 _aSEG21
526 _aSEG20
526 _aSEG19
526 _aSEG18
526 _aSEG17
526 _aSEG16
526 _aSEG14
526 _aSEG13
526 _aSEG12
526 _aSEG11
526 _aSEG10
526 _aSEG09
526 _aSEG06
526 _aSEG05
526 _aSEG04
526 _aSEG03
526 _aSEG02
526 _aSEG68
526 _aSEG66
526 _aSEG45
526 _aSEG25
526 _aSEG01
526 _aP163
526 _aP162
526 _aP161
526 _aP160
526 _aP159
526 _aP158
526 _aP157
526 _aP156
526 _aP155
526 _aP154
526 _aP153
526 _aP152
526 _aP151
526 _aP150
526 _aP149
526 _aP142
526 _aP141
526 _aP140
526 _aP139
526 _aP138
526 _aP137
526 _aP132
526 _aP131
526 _aP130
526 _aP126
526 _aP125
526 _aP124
526 _aP123
526 _aP115
526 _aP122
526 _aP121
526 _aP116
526 _a P114
526 _aP112
526 _aP111
526 _aP104
526 _aP103
526 _aP102
526 _aP101
526 _aP100
526 _aP96
526 _aP95
526 _aP93
526 _aP92
526 _aP91
526 _aP88
526 _aP83
526 _aP82
526 _aP79
526 _aP78
526 _aP75
526 _aP74
526 _aP71
526 _aP69
526 _a P51
526 _aP49
526 _aP48
526 _aP47
526 _aP33
526 _aP31
526 _a P30
526 _aP29
526 _aP27
526 _aP26
526 _aP25
526 _aP24
526 _a P22
526 _aP10
526 _aP09
526 _a P08
526 _aP06
526 _aP05
526 _aP04
526 _aP01
541 _g0028-0000237;
650 4 _aEnfermería.
_93122
700 1 _aBonet Saris, Alfons,
_eeditor.
700 1 _aBrugada Motjé, Neus,
_eeditor.
700 1 _aFuentes Pumarola, Concepció,
_eeditor
700 1 _aSirvent, Josep-Maria,
_eeditor.
910 _btqv
_cwelc
_d20170206
942 _2ddc
_cBOOK
949 _a614.253 F89 2012
_wDEWEY
_c1
_iFJ06494
_lCCODEBUJ1
_mBUJ
_p70.30
_r0
_sY
_tBOOK
_u2017-02-06
_xSALUD
_PP22
_0COMPRA
_o.STAFF. Colección General Juliaca
994 _aC0
_bPEPRU
596 _a1 3
999 _a614.253 F89 2012
_wDEWEY
_c15504
_iFJ06494
_d15504
_e2019-3-8
_f2022-1-25
_g3
_lCCODEBUJ1
_mBUJ
_n1
_p70.30
_q3
_r0
_sY
_tBOOK
_u2017-2-6
_xSALUD
_zP22
_0COMPRA
_o.STAFF. Colección General Juliaca
999 _a614.253 F89
_wDEWEY
_c1
_i77485
_d2018-9-20
_f2021-11-4
_g4
_lCCODEBUL1
_mBUL
_p108.00
_q2
_r0
_sY
_tBOOK
_u2017-12-6
_xSALUD
_zP69
_0COMPRA
_o.CIRCNOTE. Documento de alto precio
_o.STAFF. Colección Ciencias de la Salud
980 _81
_gALBERTO SANCHEZ Responsable de Automatización